| 000 | 00976nam a22002057a 4500 | ||
|---|---|---|---|
| 999 |
_c59018 _d59018 |
||
| 003 | Ge_BSU | ||
| 005 | 20221031161436.0 | ||
| 008 | 221031s2003 ge ||||| |||| 00| 0 geo d | ||
| 020 | _a9994074601 | ||
| 041 | _ageo | ||
| 080 | _a336.761(479.22) ჯ-42 | ||
| 100 |
_aჯიბუტი, მიხეილ _915677 |
||
| 245 |
_aსაქართველოს ფასიანი ქაღალდების ბაზარი = Securities Market of Georgia, 4 / _cმიხეილ ჯიბუტი; [მეცნ.-რედ.: ავთანდილ სილაგაძე]. |
||
| 264 |
_aთბილისი : _bსიახლე, _c2003. |
||
| 300 |
_a202გვ. ; _b20სმ. |
||
| 504 | _a ბიბლიოგრ.: გვ. 188-191. | ||
| 653 | _aფასიანი ქაღალდების ბაზარი საქართველოში | ||
| 700 |
_aსილაგაძე, ავთანდილ _915678 |
||
| 942 |
_2udc _cBK |
||